000 04386nam a22003257i 4500
001 TCPA 92
003 gtcocun
005 20250816225744.0
006 a||||gr|||| 00| 0
007 ta
008 250816b2021 gt ||||| m||| 00| 0 eng d
040 _agtcocun
_bSPA
_cgtcocun
_eRDA
041 _aSPA
084 _0TCPA 02
100 _aGarcía Quej, Edwin Ottoniel
_eAutor
245 _aInforme final del Ejercicio Profesional Supervisado, realizado en la Empresa Efiforest, S.A. ubicada en el municipio de San Agustín Acasaguastlán, Departamento de el Progreso/
_cEdwin Ottoniel García Quej
_hImpreso
264 _aCobán, Alta Verapaz:
_bUniversidad de San Carlos de Guatemala, Centro Universitario del Norte, Licenciatura en Contaduría Pública y Auditoría.
_c2021
300 _a61 p.:
_bIlustraciones, gráficas.
_c28 cm; PDF
336 _2rdacontenido
_aTexto
_btxt
337 _2rdamedio
_aComputadora
_bn
338 _2rdasoporte
_aCódigo en línea
_bcr
502 _e.
502 _aTesis de grado
_bLicenciatura en Contaduría Pública y Auditoría.
_cUniversidad de San Carlos de Guatemala, Centro Universitario del Norte, Licenciatura en Contaduría Pública y Auditoría.
_d2021
_oTCPA 92
520 1 4 _aLa Universidad de San Carlos de Guatemala, es una institución autónoma que brinda educación superior a la población en general con el propósito de contribuir al desarrollo económico, político, social, cultural y científica al pueblo de Guatemala a través de sus distintas unidades académicas denominados centros universitarios. Por lo tanto, el Centro Universitario del Norte (CUNOR), ubicado en el municipio de Cobán, departamento de Alta Verapaz, a través de su modalidad de Ejercicio Profesional Supervisado con el propósito de introducir al estudiante de la carrera de Contaduría Pública y Auditoría a confrontar sus conocimientos técnicos y teóricos adquiridos durante su proceso de formación académica aplicándolas en una empresa del sector económico dentro de los alrededores de la región, como requisito previo a optar por título profesional de Contador Público y Auditor. Con el fin de aportar a solucionar las diferentes problemáticas y retribuir a los aportes que realizan los distintos sectores de la economía nacional a través de las diferentes empresas. El presente Ejercicio Profesional Supervisado se llevó a cabo en una empresa de actividad industrial denominado Efiforest, Sociedad Anónima como unidad de práctica. Durante la fase de diagnóstico se efectuó un análisis sobre la estructura organizacional y ambiente de control interno de la unidad, cuyo propósito fue identificar y jerarquizar las situaciones que se consideran de mayor relevancia y que causan deficiencias en la optimización y aprovechamiento de los recursos que la unidad administra. Posteriormente se realizó una etapa de planificación de trabajo que consistió en establecer objetivos, alcances e identificación de las actividades a desarrollar durante el proceso de ejecución. Derivado de las situaciones encontrados se establece desarrollar una serie de actividades que beneficiarían a los intereses de la administración por lo que se propone realizar una auditoría fiscal preventiva correspondiente a los años 2014 y 2017; la actualización de los libros de inventarios y estados financieros de los años 2014 al 2018 y la elaboración de manual de normas, políticas y procedimientos contables. Por lo que logró concluir y entregar las actividades correspondientes a la administración de la unidad. Finalmente se establecen las conclusiones y recomendaciones en cada uno de las actividades, por lo que se deduce que es responsabilidad absoluta de la administración implementarlos, considerar las acciones y medidas óptimas en cada uno de los hallazgos y fortalecer deficiencias de control interno determinados a efectos de acrecentar sus operaciones y aprovechamiento de sus recursos.
650 _2LEMB
_aSan Agustín Acasaguastlán, El Progreso
_xReestructurar
_xdescribir
_xestablecer
_xdeterminar
_xdesarrollar
_ximplementar
700 _aLic. José Alfonso Barrios Figueroa
_eAsesor
856 _uhttps://drive.google.com/file/d/1YFAA1Ip7y063t_CHIDF1S3Ddkdl9N0TH/view?usp=sharing
_yPDF
_zUn ejemplar en línea.
942 _2ddc
_cTES
_iTCPA_92
_kClasificación
_n0
_6TCPA__92
999 _c1147
_d1147